<?xml version="1.0" encoding="UTF-8"?><?xml-stylesheet type="text/xsl" href="static/style.xsl"?><OAI-PMH xmlns="http://www.openarchives.org/OAI/2.0/" xmlns:xsi="http://www.w3.org/2001/XMLSchema-instance" xsi:schemaLocation="http://www.openarchives.org/OAI/2.0/ http://www.openarchives.org/OAI/2.0/OAI-PMH.xsd"><responseDate>2026-04-13T16:54:49Z</responseDate><request verb="GetRecord" identifier="oai:www.recercat.cat:20.500.14342/444" metadataPrefix="marc">https://recercat.cat/oai/request</request><GetRecord><record><header><identifier>oai:recercat.cat:20.500.14342/444</identifier><datestamp>2025-03-11T12:45:35Z</datestamp><setSpec>com_2072_482405</setSpec><setSpec>com_2072_183628</setSpec><setSpec>col_2072_482410</setSpec></header><metadata><record xmlns="http://www.loc.gov/MARC21/slim" xmlns:dcterms="http://purl.org/dc/terms/" xmlns:xsi="http://www.w3.org/2001/XMLSchema-instance" xmlns:doc="http://www.lyncode.com/xoai" xsi:schemaLocation="http://www.loc.gov/MARC21/slim http://www.loc.gov/standards/marcxml/schema/MARC21slim.xsd">
   <leader>00925njm 22002777a 4500</leader>
   <datafield ind2=" " ind1=" " tag="042">
      <subfield code="a">dc</subfield>
   </datafield>
   <datafield ind2=" " ind1=" " tag="720">
      <subfield code="a">Justel Vázquez, Santiago</subfield>
      <subfield code="e">author</subfield>
   </datafield>
   <datafield ind2=" " ind1=" " tag="720">
      <subfield code="a">Micó, Josep-Lluís</subfield>
      <subfield code="e">author</subfield>
   </datafield>
   <datafield ind2=" " ind1=" " tag="720">
      <subfield code="a">Ordeix Rigo, Enric</subfield>
      <subfield code="e">author</subfield>
   </datafield>
   <datafield ind2=" " ind1=" " tag="260">
      <subfield code="c">2018</subfield>
   </datafield>
   <datafield ind2=" " ind1=" " tag="520">
      <subfield code="a">The arrival of the Internet forced the media to transform its traditional business model and has revolutionized journalism with an  “explosion” of new techniques, tools, assumptions and expectations (Anderson et al., 2014). Among these is endless web analytics  data (Kaushik, 2010), the statistics and charts obtained from the interaction of the readership with news websites. Web analytics  have vastly increased the availability of information about what each newspaper’s audience is like, and in some cases this has resulted in journalism that is less focused on hard news (Tandoc, 2014; Justel et al., 2016) and more concerned with increasing the  number of visitors to the publication’s website.The current study is based on eleven in-depth interviews carried out with journalists  holding a range of different positions (from editors to writers to web analysts) within the newsrooms of Catalonia’s main newspapers. The conversations held with these professionals confirm that web analytics data occupy a central place in newsrooms and that they  are mainly employed from a quantitative and not a qualitative perspective. For the newspapers analyzed, metrics such as the  number of visitors each news item obtains or the number of unique users are still more influential than other parameters, such as the  duration of time spent reading a webpage.</subfield>
   </datafield>
   <datafield ind2=" " ind1=" " tag="520">
      <subfield code="a">L’arribada d’internet va obligar els mitjans a transformar el seu model de negoci i va revolucionar el periodisme amb una “explosió” de noves tècniques, eines i expectatives (Anderson et al., 2014). Entre aquestes s’inclouen les dades d’analítica web (Kaushik,  2010), les estadístiques i gràfics obtinguts de la interacció dels lectors amb les webs dels mitjans. L’analítica web ha augmentat de  gran manera la disponibilitat d’informació sobre com és l’audiència de cada diari, la qual cosa ha resultat, en alguns casos, en un periodisme que està menys enfocat a les notícies dures (Tandoc, 2014; Justel et al., 2016) i més preocupat per augmentar el seu  nombre de visitants. La investigació actual es basa en onze entrevistes en profunditat a periodistes que cobreixen diferents  posicions (des de director fins a redactor o analista web) dins de les redaccions dels principals diaris de Catalunya. Les converses mantingudes amb aquests professionals confirmen que les dades d’anàlisi web ocupen un lloc central a les sales de redacció i que s’utilitzen sobretot des d’una perspectiva quantitativa i no qualitativa. El nombre de visitants que obté cada notícia, o el nombre d’usuaris únics, per als diaris analitzats, segueixen sent mètriques més influents que altres paràmetres, com la durada de la lectura d’una pàgina web.</subfield>
   </datafield>
   <datafield ind1="8" ind2=" " tag="024">
      <subfield code="a">http://hdl.handle.net/20.500.14342/444</subfield>
   </datafield>
   <datafield tag="653" ind2=" " ind1=" ">
      <subfield code="a">Periodisme</subfield>
   </datafield>
   <datafield tag="653" ind2=" " ind1=" ">
      <subfield code="a">Públic</subfield>
   </datafield>
   <datafield tag="653" ind2=" " ind1=" ">
      <subfield code="a">Estadística</subfield>
   </datafield>
   <datafield tag="653" ind2=" " ind1=" ">
      <subfield code="a">Premsa</subfield>
   </datafield>
   <datafield ind2="0" ind1="0" tag="245">
      <subfield code="a">Governing the Media: Web Analytics in Spanish Newsrooms</subfield>
   </datafield>
</record></metadata></record></GetRecord></OAI-PMH>